|
|
|
|
| LEADER |
01227nam a2200277 a 4500 |
| 001 |
2144367 |
| 008 |
091028s1998 dcua b i000 0 eng d |
| 010 |
|
|
|a \\\98044529
|
| 020 |
|
|
|a 0821343505 (pbk.)
|
| 040 |
|
|
|a DLC
|c DLC
|d DLC
|
| 082 |
0 |
0 |
|a 352.2/83/091724
|2 21
|
| 100 |
1 |
|
|a Litvack, Jennie I.
|q (Jennie Ilene),
|d 1963-
|
| 245 |
1 |
0 |
|a Rethinking decentralization in developing countries /
|c Jennie Litvack, Junaid Ahmad, Richard Bird.
|
| 260 |
|
|
|a Washington, D.C. :
|b World Bank,
|c c1998.
|
| 300 |
|
|
|a vii, 40 p. :
|b ill. ;
|c 28 cm.
|
| 490 |
0 |
|
|a Sector studies series
|
| 504 |
|
|
|a Includes bibliographical references (p. 37-40).
|
| 541 |
1 |
|
|e 00007177
|
| 650 |
|
0 |
|a Decentralization in government
|z Developing countries.
|
| 650 |
|
0 |
|a Intergovernmental fiscal relations
|z Developing countries.
|
| 651 |
|
0 |
|a Developing countries
|x Politics and government.
|
| 700 |
1 |
|
|a Ahmad, Junaid,
|d 1960-
|
| 700 |
1 |
|
|a Bird, Richard M.
|q (Richard Miller),
|d 1938-
|
| 852 |
4 |
|
|a Ayesha Abed Library
|j General shelf
|
| 999 |
|
|
|c 4922
|d 4922
|
| 952 |
|
|
|0 0
|1 0
|2 ddc
|4 0
|6 352_283091724000000_LIT_1998
|7 0
|9 4741
|a BRACUL
|b BRACUL
|c GEN
|d 2009-10-28
|g 0.00
|l 0
|o 352.283091724 LIT
|p 3010007177
|r 2009-10-28
|t 1
|w 2009-10-28
|y BK
|x No price found in the accession register.
|